Every European Country's Top Goalscorer - Statistics

General Stats
  • This quiz has been taken 186 times
    47 since last reset
  • The average score is 18 of 54
Answer Stats
Country Goals Scored Player % Correct
Portugal 143* Cristiano Ronaldo
92%
England 78* Harry Kane
90%
Belgium 89* Romelu Lukaku
87%
Bosnia and Herzegovina 72* Edin Džeko
79%
Sweden 62 Zlatan Ibrahimović
79%
Norway 55* Erling Haaland
77%
Germany 71 Miroslav Klose
77%
Poland 88* Robert Lewandowski
77%
France 57 Olivier Giroud
74%
Croatia 45 Davor Šuker
72%
Hungary 84 Ferenc Puskás
72%
Wales 41 Gareth Bale
69%
Ukraine 48 Andriy Shevchenko
67%
Spain 59 David Villa
64%
Ireland 68 Robbie Keane
62%
Netherlands 55* Memphis Depay
59%
Bulgaria 48 Dimitar Berbatov/Hristo Bonev
54%
Scotland 30 Denis Law/Kenny Dalglish
51%
Armenia 32 Henrikh Mkhitaryan
51%
Austria 47* Marko Arnautović
51%
Romania 35 Adrian Mutu/Gheorghe Hagi
49%
Finland 43 Teemu Pukki
49%
Serbia 63* Aleksandar Mitrović
44%
Slovakia 26 Marek Hamšík
38%
Iceland 27 Gylfi Sigurðsson
31%
Montenegro 37* Stevan Jovetić
31%
Czech Republic 55 Jan Koller
28%
Turkey 51 Hakan Şükür
26%
Israel 35 Eran Zahavi
15%
Italy 35 Gigi Riva
15%
Kosovo 32* Vedat Muriqi
15%
Denmark 52 Jon Dahl Tomasson/Poul "Tist" Nielsen
13%
Switzerland 42 Alexander Frei
10%
Russia** 31 Artem Dzyuba
10%
Faroe Islands 10 Rógvi Jacobsen/Klæmint Olsen
10%
Northern Ireland 36 David Healy
8%
Albania 18 Erjon Bogdani
5%
Luxembourg 23* Gerson Rodrigues
5%
Moldova 18* Ion Nicolaescu
5%
Liechtenstein 16 Mario Frick
5%
Estonia 38 Andres Oper
3%
Kazakhstan 15* Bakhtiyar Zaynutdinov
3%
Azerbaijan 15* Emin Mahmudov
3%
Andorra 11 Ildefons Lima
3%
Gibraltar 8* Liam Walker
3%
Belarus 20 Maksim Romaschenko
3%
Latvia 29 Māris Verpakovskis
3%
Malta 42 Michael Mifsud
3%
Cyprus 32 Michalis Konstantinou
3%
Greece 29 Nikos Anastopoulos
3%
Georgia 26 Shota Arveladze
3%
Lithuania 19 Tomas Danilevičius
3%
San Marino 8 Andy Selva
0%
Slovenia 35 Zlatko Zahovič
0%
No matching quizzes found
Score Distribution
Percent of People with Each Score
Percentile by Number Answered
Your Score History
You have not taken this quiz since the last reset